000
00272nam a22001217a 4500
008
181030b xxu||||| |||| 00| 0 eng d
041
_a
eng
080
_2
4 ed
_a
336.2
100
_a
55
101
_a
TAK
245
_a
Real Estate Transaction
_c
Lefcoe.G
942
_2
udc
_c
BK
999
_c
51158
_d
51158